01423cgm a22002535a 450000500170000000800410001704100080005808200200006624500480008625000220013430000640015649000300022052005200025065000720077065000480084265000420089094200200093226400790095233600270103133700330105833800280109104000350111999900150115420220316235838.0021118s2002 ck 026 g s vuspa 0 aspa04a578.7698 bG25 03aLa gente de los manglareshvideograbación aPrimera edición a1 videocasete (apróximadamente 26 minutos)bsonido, color0 aExpediciones por Colombia3 aA lo largo de las costas del Pacífico colombiano toda la comunidad de raíces africanas teje su vida alrededor de los manglares, esos magníficos y hermosos bosques anfibios que crecen a la orilla del mar y albergan una flora y fauna excepcional. Perezosos, pelícanos, tucanes, una gran variedad de aves y animales marinos conviven en el manglar al ritmo de las mareas que suben y bajan, y que derterminan la existencia de los hombres. Descubra la belleza única de nuestro país en estos mágicos parajes.14aConservación de la vida silvestrezColombia vVideocasetes 2LEMB14aEcosistemaszColombia vVideocasetes 2LEMB14aFaunazColombia vVideocasetes 2LEMB 2ddccVIDEOCASET aBogotá bFernando Riaño Producciones Imágenes de la Naturalezac2002 atextobtxt2rdacontent asin mediaciónbn2rdamedia avolumenbnc2rdacarrier aCO-BoRNBPbspaerdacCO-BoRNBP c2356d2356